00962nam a2200265 a 450000500170000000800410001701000140005802000260007203500130009803700150011104000180012608200120014410000200015624501010017626000360027727000470031330000300036050000500039065000230044065000250046370000200048894200260050899900170053495201450055120090620143710.0061030s2007 nyu b 001 0 eng  aENG-94159 a9788120337701c295.00 aEN-77692 bDBAD / PUB adplbEnglish  a174.907 aFriend, Cecilia aOnline journalism ethics :btraditions and transitions /cby Cecilia Friend (and) Jane B. Singer aNew Delhi bPHI Learning c2009 aM-97 Connaught Circus bNew Delhi e110001 axxvi, 246 p. c24cm(pbk)  aIncludes bibliographical references and index aOnline journalism. aJournalistic ethics. aSinger, Jane B. 2ddccENh174.907mFRI c27699d27699 00102ddc40718NFICaDBADbDBADd2009-06-20eDBAD / PUBg295.00l0o174.907 FRIpEN-77692r2009-06-20 00:00:00t1v295.00w2009-06-20yEN